000 00449nam a2200157 i 4500
001 29590
003 ES-MaACL
007 t|
008 030122s1974 sp ||||1| spa d
100 1 _aBarnatán, Marcos Ricardo.
_925710
245 1 3 _aLa Kábala
_b: una mística del lenguaje /
_cMarcos Ricardo Barnatán.
250 _a[1ª ed.].
260 _aBarcelona :
_bBarral,
_c1974.
300 _a192 p. ;
_c19 cm.
852 _aES-MaACL
_jE-6154
_bR.90351
999 _c29590
_d29590